000 00432nam a22001697a 4500
003 MPLRDC
005 20220104124152.0
008 210129b ||||| |||| 00| 0 eng d
082 _a177 FENS
100 _aDR.FENSTERHEIM著; 陈文述译
245 _a我不再软弱: 信心的自我训练
_c
260 _a
_b健华出版社
_c1983
300 _b
490 _a现代心理学丛书
650 _a
942 _cBK
_o177 FENS
999 _c17180
_d17170